Transformácia účtovných sústav
Prechod z jednoduchého účtovníctva na podvojné účtovníctvo podnikateľov. Kto má možnosť účtovať v sústave jednoduchého účtovníctva.
Guardado en:
| Autor principal: | |
|---|---|
| Formato: | Capítulo de libro |
| Lenguaje: | eslovaco |
| Materias: | |
| Etiquetas: |
Sin Etiquetas, Sea el primero en etiquetar este registro!
|
MARC
| LEADER | 00000naa$a2200000$$$4500 | ||
|---|---|---|---|
| 001 | 0004241 | ||
| 005 | 20230919094520.9 | ||
| 041 | 0 | |a slo | |
| 044 | |a SK | ||
| 245 | 1 | 0 | |a Transformácia účtovných sústav |c aut. Ján Mintál |
| 520 | |a Prechod z jednoduchého účtovníctva na podvojné účtovníctvo podnikateľov. Kto má možnosť účtovať v sústave jednoduchého účtovníctva. | ||
| 610 | 2 | 0 | |a účtovníctvo jednoduché |
| 610 | 2 | 0 | |a účtovníctvo podvojné |
| 610 | 2 | 0 | |a systémy účtovné |
| 610 | 2 | 0 | |a podnikatelia |
| 100 | 1 | |a Mintál, Ján | |